Statistics for Winningest Club for Every UEFA Top Division

Click here to take the quiz!

General Stats

  • This quiz has been taken 41 times
  • The average score is 22 of 60

Answer Stats

Country # Club % Correct
Germany25Bayern Munich
94%
England13Manchester United
94%
Italy32Juventus
92%
Spain33Real Madrid
92%
Portugal35Benfica
86%
Greece29Olympiacos
86%
Netherlands33Ajax
86%
Scotland54Rangers
81%
Serbia27Red Star Belgrade
75%
Turkey20Galatasaray
69%
Belgium33Anderlecht
69%
Austria32Rapid Wien
67%
Czech Republic12Sparta Prague
67%
Sweden22Malmö FF
67%
Ukraine15Dynamo Kyiv
64%
Croatia18Dinamo Zagreb
64%
Denmark11Copenhagen
61%
Russia9Spartak Moscow
56%
Cyprus25APOEL
53%
Norway24Rosenborg
53%
France10Saint-Étienne
50%
Israel21Maccabi Tel Aviv
47%
Belarus12BATE Borisov
44%
Bulgaria31CSKA Sofia
42%
Switzerland27Grasshopper Club Zürich
42%
Albania24KF Tirana
33%
Slovenia13Maribor
33%
Hungary29Ferencváros
33%
Finland11HJK Helsinki
33%
Ireland6Dundalk
22%
Iceland26Knattspyrnufélag Reykjavíkur
19%
Slovakia8Slovan Bratislava
17%
Georgia16Dinamo Tbilisi
17%
Poland14Ruch Chorzów
17%
Latvia15Skonto
14%
Lithuania8FBK Kaunas
14%
Luxembourg28Jeunesse Esch
14%
Moldova14Sheriff Tiraspol
14%
Poland14Górnik Zabrze
14%
Gibraltar22Lincoln Red Imps
14%
Romania26Steaua București
11%
Wales10The New Saints
11%
Kazakhstan5Aktobe
11%
Azerbaijan8Neftchi Baku
11%
Bosnia and Herzegovina4Zrinjski Mostar
11%
Malta26Sliema Wanderers
11%
Estonia10Flora Tallinn
11%
Ireland6Shelbourne
8%
Armenia14FC Pyunik
8%
Faroe Islands22Havnar Bóltfelag
8%
Northern Ireland3Linfield
8%
Andorra10FC Santa Coloma
8%
Macedonia9Vardar
8%
Kosovo10KF Prishtina
8%
San Marino9Tre Fiori
6%
Montenegro2Budućnost Podgorica
6%
Kazakhstan5Irtysh Pavlodar
3%
Montenegro2Rudar
0%
Montenegro2Mogren
0%
Montenegro2Sutjeska
0%

Score Distribution

Percentile by Number Answered

Percent of People with Each Score

Your Score History

You have not taken this quiz